"Medvede" premohli Detvanov 1. hokejová liga - 17. kolo: Brezňania vydolovali na východe bod

Bibliographic Details
Format: Article
Language:Slovak
PhysicalDescription:Tab.
ISSN:0139-7001
Subjects:
Online Access:http://denniksport.sk/article/151975/medvede-premohli-detvanov

MARC

LEADER 00000nab a2200000 ar4500
001 vtls010186711
003 SK-MaSNL
005 20260303091533.0
008 101108c20101027xo |||||||||||000 b|slo
015 |a SNBRB2010/11  |2 snkbucl 
038 |a SNKBUCL 
040 |a SNKBUCL  |b slo  |c SNKBUCL  |e AACR2 
041 0 |a slo 
044 |a xo  |c SK 
080 |a 796.966.093.1  |2 2001 
245 0 0 |a "Medvede" premohli Detvanov  |b 1. hokejová liga - 17. kolo: Brezňania vydolovali na východe bod 
300 |b Tab. 
648 7 |a sezóna 2010/2011  |2 snkbucl  |9 1038786 
650 0 7 |a ľadový hokej  |2 snkbucl  |9 3231 
650 0 7 |a 1. liga  |2 snkbucl  |9 722880 
650 0 7 |a 17. kolo  |2 snkbucl  |9 872570 
773 0 |t Šport  |g Roč. 64, č. 248 (27.10.2010), s. 28  |x 0139-7001 
852 |a SNK  |b KIS3GCP 
856 4 1 |u http://denniksport.sk/article/151975/medvede-premohli-detvanov 
999 |c 1808113  |d 1810043